Identifying anomalous laboratories in interlaboratory cross-check programme by multivariate outlier analysis (Record no. 60681)

MARC details
000 -LEADER
fixed length control field 00361nam a2200109Ia 4500
100 ## - MAIN ENTRY--AUTHOR NAME
Personal name San Leong Yit
245 #0 - TITLE STATEMENT
Title Identifying anomalous laboratories in interlaboratory cross-check programme by multivariate outlier analysis
260 ## - PUBLICATION, DISTRIBUTION, ETC. (IMPRINT)
Name of publisher Journal of Natural Rubber Research
Year of publication 1988
300 ## - PHYSICAL DESCRIPTION
Number of Pages 54-59
942 ## - ADDED ENTRY ELEMENTS (KOHA)
Koha item type Journals
Holdings
Withdrawn status Lost status Damaged status Not for loan Home library Current library Date acquired Serial Enumeration / chronology Koha item type
      Journals RRII Library RRII Library 17/12/2021 Volume 3, Issue 1 Journals